[Event "Llinars del Valles op 4th"]
[White "Salvador Carrete, Roger"]
[Black "Fernandez Escabia, Victor"]
[Site "Llinars del Valles"]
[Round "8"]
[Result "0-1"]
[Date "2024.07.02"]
[WhiteElo "1695"]
[BlackElo "1825"]
[PlyCount "110"]
[EventDate "2024.06.25"]
[EventType "swiss"]
[EventRounds "9"]
[EventCountry "ESP"]
[SourceTitle "CBM 221 Extra"]
[Source "ChessBase"]
[SourceDate "2024.09.30"]
[SourceVersion "1"]
[SourceVersionDate "2024.09.30"]
[SourceQuality "1"]

1. d4 c5 2. d5 Nf6 3. c4 e6 4. Nc3 d6 5. e4 g6 6. Nf3 Bg7 7. h3 exd5 8. exd5 0-0 9. Bd3 Re8+ 10. Be3 Nbd7 11. 0-0 a6 12. a4 Ne5 13. Nxe5 Rxe5 14. Bf4 Re8 15. Bg5 h6 16. Bh4 g5 17. Bg3 b6 18. Qf3 h5 19. Rfe1 Rxe1+ 20. Rxe1 Qc7 21. Qe3 g4 22. hxg4 Bxg4 23. Qf4 Rd8 24. Bh4 Re8 25. Rxe8+ Nxe8 26. Qe4 Nf6 27. Bxf6 Bxf6 28. Qh7+ Kf8 29. f3 Qe7 30. Kf1 Bxc3 31. bxc3 Qf6 32. Qe4 Bd7 33. Qe1 Bxa4 34. Qa1 b5 35. cxb5 axb5 36. Qa3 h4 37. Kf2 Qg5 38. Be4 f5 39. Bd3 Qd2+ 40. Be2 Bd1 41. Qa8+ Ke7 42. Qb7+ Kf6 43. Qxb5 Qxe2+ 44. Qxe2 Bxe2 45. Kxe2 Ke5 46. Kd3 Kxd5 47. f4 c4+ 48. Ke3 Kc5 49. Kd2 d5 50. Ke3 d4+ 51. cxd4+ Kd5 52. Kd2 Kxd4 53. Kc2 Ke4 54. Kc3 Kxf4 55. Kxc4 Kg3 0-1

[Event "Llinars del Valles op 4th"]
[White "Ribera Caro, Joan"]
[Black "Salvador Carrete, Roger"]
[Site "Llinars del Valles"]
[Round "4"]
[Result "1-0"]
[Date "2024.06.28"]
[WhiteElo "1920"]
[BlackElo "1695"]
[PlyCount "71"]
[EventDate "2024.06.25"]
[EventType "swiss"]
[EventRounds "9"]
[EventCountry "ESP"]
[SourceTitle "CBM 221 Extra"]
[Source "ChessBase"]
[SourceDate "2024.09.30"]
[SourceVersion "1"]
[SourceVersionDate "2024.09.30"]
[SourceQuality "1"]

1. d4 e6 2. Nf3 d5 3. c4 Nf6 4. g3 Be7 5. Bg2 0-0 6. 0-0 Nbd7 7. Qc2 c5 8. cxd5 exd5 9. Rd1 b6 10. Nc3 Bb7 11. Ne5 Rb8 12. Bf4 Rc8 13. dxc5 Nxe5 14. Bxe5 Rxc5 15. Rd2 Qa8 16. Rad1 Rd8 17. Qd3 Ng4 18. Bd4 Ra5 19. b3 Nf6 20. Be5 h6 21. Qb1 Rd7 22. b4 Ra3 23. Bxf6 Bxf6 24. Nxd5 Bxd5 25. Bxd5 Qb8 26. Qe4 Kf8 27. Bb3 Rxd2 28. Rxd2 b5 29. Qc6 a5 30. Rd7 Kg8 31. Bxf7+ Kh8 32. bxa5 Rxa5 33. Rc7 Ra8 34. Be6 Kh7 35. Bf5+ Kh8 36. Rc8+ 1-0